8ème de finale de Ligue des Champions 2023/2024 - Statistiques

Statistiques générales
  • Ce quiz a été pris 432 fois
  • Le résultat moyen est 6 sur 8
Statistiques - réponses
Hint Réponse % Correct
PSG Real Sociedad
93%
Copenhague Manchester City
84%
Inter Milan Atletico Madrid
82%
Porto Arsenal
81%
Leipzig Real Madrid
81%
Naples Barcelone
77%
Lazio Rome Bayern Munich
75%
PSV Dortmund
73%
Aucun quiz correspondant
Distribution des résultats
% des personnes avec chaque résultat
Percentile par nombre de réponses
Votre historique - résultats
Vous n’avez pas pris ce quiz